Statistiques concernant Pays se terminent par des consonnes doubles

Cliquez ici pour prendre le quiz!

Statistiques générales

  • Ce quiz a été pris 92 fois
  • Le résultat moyen est 3 sur 7

Statistiques - réponses

Hint Pays % Correct
EuropeLuxembourg
60%
OceanieÎles Marshall
59%
EuropeDanemark
55%
AfriqueSwaziland
55%
AsieBangladesh
49%
AsieCorée du Nord
35%
AfriqueCap-Vert
31%

Distribution des résultats

Percentile by Number Answered

% des personnes avec chaque résultat

Votre développement - résultats

Vous n’avez pas pris ce quiz